[Event "RUS-chT Rapid Men 2018"]
[Site "Sochi"]
[Date "2018.10.09"]
[Round "6"]
[White "Malakhov, Vladimir"]
[Black "Rakhmanov, Aleksandr"]
[Result "1-0"]
[WhiteElo "2661"]
[BlackElo "2634"]
[Annotator "TA"]
[PlyCount "143"]
[EventDate "2018.10.05"]
[EventType "swiss"]
[EventCountry "RUS"]
[SourceTitle "playchess.com"]
[Source "ChessBase"]
[SourceQuality "1"]

{[%evp 22,143,20,26,27,27,36,29,58,56,57,55,47,36,40,45,50,40,49,47,68,7,8,0,8,0,0,0,16,16,16,19,19,19,18,0,89,75,76,73,76,54,300,51,260,271,348,348,356,352,353,356,452,469,462,452,426,302,417,230,230,229,302,302,1556,1547,12840,397,397,397,397,397,12839,12839,12840,12840,12841,12841,12844,12844,12845,12845,12845,12846,12848,12848,12849,12847,12847,12847,12849,12849,12850,12850,12851,29978,29978,29979,29979,29979,29979,29980,29980,29981,29981,29982,29982,29983,29983,29980,29980,29981,29983,29984,29984,29982,29980,29982,29983,29983,29987,29988,29998,29999]} 1. Nf3 Nf6 2. c4 b6 3. g3 Bb7 4. Bg2 g6 5. b3 Bg7 6. Bb2 O-O 7. O-O e6 8. d4 d6 9. Nc3 Ne4 {A15: English Opening: 1...Nf6} 10. Qc2 Nxc3 11. Bxc3 Nd7 12. e4 {LiveBook: 3 Games} a6 13. Rad1 Qe7 14. Rfe1 b5 $146 ({Predecessor:} 14... Rfd8 15. h4 Rac8 16. e5 dxe5 17. dxe5 {½-½ (56) Zeng,C (2521)-Yu,L (2380) China 2014}) 15. d5 e5 16. cxb5 axb5 17. Bb4 Rfc8 18. Bf1 Ba6 19. Re3 Nc5 20. Rc3 Bf8 $1 21. Ba5 (21. Ba3 $14) 21... Bb7 $11 22. b4 Na4 $1 {[%cal Ra4c3]} 23. Rc6 Bxc6 24. dxc6 Rcb8 25. Rd5 Nc5 26. bxc5 Rxa5 27. cxd6 cxd6 {[#]} 28. Bxb5 $1 {[%mdl 512]} Qf6 (28... Ra3 $11 {keeps the balance.} 29. Rd3 Rxd3 30. Qxd3 Qa7) (28... Raxb5 29. Rxb5) 29. Kg2 {[%mdl 1024] And now c7 would win. White has strong compensation.} Ra3 30. Nd2 Rba8 31. Bc4 {Black must now prevent Rb5.} h5 $2 (31... Bh6 $14) 32. h4 $2 ({White must play} 32. Rb5 $18) 32... Rc8 $2 ({Better is} 32... Bh6 $14) 33. Rb5 $1 $18 Rxc6 {[#]} 34. Bxf7+ $1 {[%mdl 512]} Qxf7 35. Qxc6 Rxa2 36. Rb7 Qxb7 37. Qxb7 Rxd2 {[%mdl 4096] Endgame KQ-KRB} 38. Kf1 Bg7 39. f3 Kh7 40. g4 (40. f4 $142) 40... hxg4 41. fxg4 Rd4 42. Ke2 d5 $2 (42... Rc4 43. Kd2 Rd4+ 44. Kc3 Ra4) 43. exd5 Rxg4 44. Qe7 $2 (44. d6 Rd4 45. Qe7) 44... Re4+ 45. Kf3 Rf4+ 46. Kg2 {Hoping for d6.} Kh6 $2 {[#]} (46... Kg8 47. Qe6+ Kh7) 47. d6 $1 {[%cal Rd6d7]} Bf6 {[#]} 48. Qf8+ $1 Bg7 49. Qe8 Bf6 50. d7 Rg4+ 51. Kf3 Rf4+ 52. Ke3 Kh5 53. d8=Q Bxd8 54. Qh8+ Kg4 55. Qxd8 {KQ-KR} Rf5 56. Ke4 Rh5 57. Qf6 Rxh4 58. Qxg6+ Kh3+ {White mates.} 59. Kxe5 Rg4 60. Qd3+ Kh4 61. Qe3 Rg5+ 62. Kf4 Rg4+ 63. Kf5 Rg2 64. Qf4+ Kh3 65. Qd6 Rf2+ 66. Ke4 Kg2 67. Qg6+ Kf1 68. Ke3 Re2+ 69. Kd3 Rf2 70. Qg4 Rh2 71. Ke3 Rh1 72. Qf3+ {Precision: White = 58%, Black = 39%.} 1-0

[Event "RUS-chT Rapid Men 2018"]
[Site "Sochi"]
[Date "2018.10.09"]
[Round "6"]
[White "Zvjaginsev, Vadim"]
[Black "Moiseenko, Vadim"]
[Result "1/2-1/2"]
[WhiteElo "2644"]
[BlackElo "2492"]
[Annotator "TA"]
[PlyCount "121"]
[EventDate "2018.10.05"]
[EventType "swiss"]
[EventCountry "RUS"]
[SourceTitle "playchess.com"]
[Source "ChessBase"]
[SourceQuality "1"]

{[%evp 12,121,22,33,16,0,0,0,0,-7,0,0,-6,0,0,-24,14,-1,0,0,0,0,0,-4,0,-6,-7,-17,0,0,14,7,4,2,2,13,18,17,25,27,19,14,79,79,79,72,64,63,78,72,70,47,85,110,125,88,141,73,74,74,72,23,49,0,0,0,0,0,0,-7,-7,-7,-7,-7,-7,-7,0,0,0,-8,-8,-8,-8,-29958,-29950,-29960,-29955,-3149,-1700,-1367,-1279,-29985,-29986,-29989,-29982,-29986,-8,-8,-8,-8,-8,-8,-8,-8,0,-8,-8,-8,-8,-8,-8,-8]} 1. g3 d5 2. Bg2 c6 3. Nf3 h6 4. d3 Nf6 5. O-O Bf5 6. c4 e6 7. Qb3 Qb6 {A11: English Opening: 1...c6} 8. Be3 (8. Nd4 Bh7 9. cxd5 exd5 10. Qxb6 axb6 11. Nc3 b5 12. Bd2 b4 13. Nd1 Bc5 14. Nc2 Na6 15. Rb1 {½-½ (41) Harikrishna,P (2698)-Anand,V (2772) Wijk aan Zee 2013 CBM 153 [Marin,M]}) 8... Qxb3 $1 9. axb3 a6 $1 10. Na3 $146 ({Predecessor:} 10. Nc3 Nbd7 11. Na4 Bg4 12. Rfc1 Bxf3 13. Bxf3 Be7 14. cxd5 exd5 15. Bd2 {1-0 (44) De Schampheleire,G (2347)-Kukov,V (2382) Charleroi 2018}) 10... Bh7 11. Rfc1 Nbd7 12. Nc2 Bd6 13. b4 Ke7 14. Nfd4 e5 15. Nb3 dxc4 16. dxc4 Bxc2 17. Rxc2 Bxb4 18. Na5 Bxa5 19. Rxa5 b6 20. Ra1 e4 21. b4 c5 22. bxc5 $1 Nxc5 23. Rb2 Nfd7 {[#]} 24. Rxb6 $1 {[%mdl 512]} Rhb8 (24... Nxb6 25. Bxc5+) 25. Rxb8 Rxb8 26. Bh3 Rb4 {[#]} (26... Rc8 $11) 27. Bxd7 $1 $16 Nxd7 {[%mdl 4096] Endgame [#] KRB-KRN} 28. c5 $1 {[%cal Rc5c6]} Nb8 29. Bf4 Nc6 30. Rxa6 Kd7 31. Ra2 Rb1+ 32. Kg2 Rd1 33. Bd6 g6 (33... h5 $142) 34. e3 ({White should play} 34. g4) 34... h5 35. Ra4 f5 36. Ra8 {Black must now prevent Rg8.} g5 $1 {[%cal Bg6g5,Bg5g4][%mdl 32]} 37. Rh8 g4 $1 38. Rxh5 Nb4 $1 {[%cal Rb4d3]} 39. h3 Nd3 40. hxg4 fxg4 41. Rh1 Rxh1 42. Kxh1 Nxf2+ $11 {KB-KN} 43. Kg2 $132 {[%mdl 2048] White is not keeping still} Nd1 44. Kf1 Nxe3+ 45. Ke2 Nf5 46. Bf8 Kc6 47. Kf2 $2 {[%mdl 8192]} (47. Kd2 $11) 47... Kd5 48. Kg2 e3 49. Kf1 Nxg3+ 50. Ke1 Nf5 51. Bd6 g3 ({Worse is} 51... Nxd6 52. cxd6 Kc6 53. Ke2 $11) 52. Bb8 Kxc5 53. Ke2 Kd4 $2 (53... g2 {mates} 54. Bh2 Kd4 55. Kf3 Kd3 56. Kxg2 e2 57. Kf2 Kd2 58. Bf4+ Kd1 59. Kf3 e1=Q 60. Bh2 Nd4+ 61. Kg4 Qe2+ 62. Kg3 Qe4 63. Kh3 Nf5 64. Bg1 Qf3+ 65. Kh2 Nh4 66. Bd4 Qg2#) 54. Kf3 {The position is equal.} Kd3 {( -> ...e2)} 55. Bc7 Kd2 56. Bf4 $1 Nd4+ 57. Ke4 Nf5 58. Kf3 Ke1 {And now ...e2 would win.} 59. Bxg3+ Kf1 60. Ke4 Nxg3+ 61. Kxe3 {Precision: White = 51%, Black = 53%.} 1/2-1/2

[Event "RUS-chT Rapid Men 2018"]
[Site "Sochi"]
[Date "2018.10.09"]
[Round "6"]
[White "Paravyan, David"]
[Black "Papenin, Nikolai"]
[Result "1-0"]
[WhiteElo "2629"]
[BlackElo "2334"]
[Annotator "TA"]
[PlyCount "57"]
[EventDate "2018.10.05"]
[EventType "swiss"]
[EventCountry "RUS"]
[SourceTitle "playchess.com"]
[Source "ChessBase"]
[SourceQuality "1"]

{[%evp 9,57,10,10,8,20,18,20,18,15,15,33,11,37,18,46,29,33,27,33,16,43,37,57,27,57,11,15,15,15,0,25,27,43,-60,-23,-29,13,18,62,62,74,115,298,286,863,850,962,939,5904,3046]} 1. d4 Nf6 2. c4 c5 3. d5 b5 4. a3 (4. cxb5 a6 5. bxa6 g6 6. Nc3 Bg7 7. Nf3 O-O 8. g3 d6 9. Bg2 Nxa6 10. O-O Bf5 11. Nh4 Bd7 12. b3 Qb6 13. Bd2 Rfb8 14. Re1 Nc7 15. Qc2 Ra3 16. Qc1 Qa7 17. e4 Ng4 18. h3 {0-1 (38) Li,C (2732)-Shankland,S (2671) Liaocheng 2018}) 4... bxc4 5. Nc3 d6 6. e4 {A57: Benko/Volga Gambit} g6 7. Bxc4 Bg7 8. Nf3 {The position is equal.} O-O 9. O-O Nbd7 10. Re1 $146 ({Predecessor:} 10. Qc2 Nb6 11. Nd2 Rb8 {½-½ (44) Coquelin,J (1439)-Leduc,J (1850) Rouen 2016}) 10... Nb6 11. Ba2 Bg4 12. h3 Bxf3 13. Qxf3 Nfd7 14. Bg5 a5 15. Qe2 a4 16. Rab1 h6 17. Bd2 Qc8 18. f4 Qa6 19. Nb5 Rfc8 20. Bc3 Rab8 21. e5 ({Better is} 21. Rbd1 $14) 21... c4 22. Nd4 $1 {aiming for e6.} Nxd5 23. e6 $36 {[%cal Be5e6,Be6d7][%mdl 2080] White fights for an advantage.} Qa7 24. exd7 Bxd4+ 25. Kh1 Rc7 $2 (25... Rd8 $16) 26. Bxc4 $18 Nxc3 $2 {[#]} (26... Ne3) 27. Bxf7+ $1 {[%mdl 512] White is clearly winning.} Kg7 (27... Kxf7 28. Qxe7+) 28. Qg4 Kh8 {[#]} 29. Rxe7 $1 {[%mdl 512] Precision: White = 44%, Black = 29%.} 1-0

[Event "RUS-chT Rapid Men 2018"]
[Site "Sochi"]
[Date "2018.10.09"]
[Round "6"]
[White "Ponkratov, Pavel"]
[Black "Tekeyev, Zaur"]
[Result "1-0"]
[WhiteElo "2628"]
[BlackElo "2392"]
[Annotator "TA"]
[PlyCount "117"]
[EventDate "2018.10.05"]
[EventType "swiss"]
[EventCountry "RUS"]
[SourceTitle "playchess.com"]
[Source "ChessBase"]
[SourceQuality "1"]

{[%evp 10,117,-19,-33,-10,-5,-19,-14,-12,-16,6,21,36,36,26,-21,0,0,0,-2,0,-7,20,9,30,7,34,43,32,10,84,75,81,76,136,126,133,123,109,124,135,116,193,94,225,188,175,175,183,169,158,144,137,81,90,77,88,0,82,18,81,81,79,78,113,79,201,195,188,185,202,182,267,283,278,243,493,522,489,487,463,434,540,354,561,540,510,491,479,429,731,800,486,630,728,629,29975,29976,29974,29976,29976,29976,29974,29972,29987,29988,29988,29989,29989,29990]} 1. d4 Nf6 2. Bg5 Ne4 3. Bf4 d5 4. Nf3 c5 5. e3 Qb6 6. Qc1 cxd4 {D03: 1 d4 d5 2 Nf3 Nf6 3 Bg5, including Torre Attack with early ...d5} (6... Nc6 7. c3 Bf5 8. Nbd2 Rc8 9. Be2 g5 10. Nxe4 dxe4 11. Nxg5 cxd4 12. exd4 h6 13. Nh3 Nxd4 14. Bd1 Rg8 15. Bg3 Qb5 16. Qe3 e5 17. Bxe5 Qxe5 18. Qxd4 Qxd4 19. cxd4 {0-1 (31) Gretarsson,H (2451)-Smeets,J (2608) chess.com INT 2018}) 7. exd4 Nc6 8. c3 Bf5 {The position is equal.} 9. Nbd2 e6 10. Nh4 Nxd2 $146 ({Predecessor:} 10... Bd6 11. Bxd6 Nxd6 12. Nxf5 Nxf5 13. Bd3 Nd6 14. Nf3 h6 15. O-O {½-½ (15) Huemmer,B (2240)-Ottstadt,R (2210) Germany 1999}) 11. Qxd2 Be4 12. Be2 Be7 13. Nf3 O-O 14. h4 f6 15. O-O Rae8 16. Rae1 Kh8 17. Bg3 Na5 18. b4 Nc6 19. Qe3 a5 (19... e5 $11) 20. b5 $16 Nd8 21. c4 $36 {[%cal Bc3c4,Bc4c5][%mdl 2080] White is really pushing.} Nf7 ({Better is} 21... e5) 22. c5 Qd8 23. Bd3 Bxd3 24. Qxd3 e5 25. dxe5 {[#] And now e6 would win.} fxe5 (25... Bxc5 $16 {was called for.} 26. e6 Nh6) 26. Nxe5 (26. Bxe5 $18 Bxh4 27. Bd4) 26... Nxe5 (26... Bxc5 $16 27. Nxf7+ Rxf7) 27. Rxe5 {c6 is the strong threat.} Bxc5 {Threatening ...Rxe5.} 28. Rxd5 Qb6 29. a4 Rd8 30. Rxd8 Qxd8 31. Qxd8 (31. Qc2 $142 b6 32. Re1) 31... Rxd8 {[%mdl 4096] Endgame KRB-KRB} 32. Rc1 b6 33. Bc7 ({White should play} 33. Bf4 $16) 33... Rd5 (33... Rd4 $11) 34. Rc4 (34. Bf4 $16) 34... Kg8 (34... Rd1+ $11 {remains equal.} 35. Kh2 Bxf2) 35. Kf1 Rd2 36. Rf4 Rd1+ 37. Ke2 Rd7 {[#]} (37... Rg1 $16) 38. Be5 $1 $18 Re7 39. Re4 Kf7 40. f4 h5 (40... Rd7 {might work better.} 41. f5 g6) 41. Kd3 Rd7+ 42. Bd4 Rc7 $2 (42... Rd6 {is a better defense.} 43. Ke3 Rd5 44. Bxc5 Rxc5) 43. Bxc5 Rxc5 {KR-KR} 44. Rc4 {Strongly threatening Rxc5.} Rd5+ 45. Rd4 Rc5 46. Rd7+ Kf8 (46... Ke8 {keeps fighting.} 47. Rxg7 Rc1) 47. Rd6 Rc1 {aiming for ...Rd1+.} 48. Rxb6 Ra1 49. Kd4 Ke7 (49... Rxa4+ $142 50. Kc5 Rxf4) 50. Ke5 Rxa4 51. Rb7+ Kf8 52. b6 {[%cal Bb5b6,Bb6b7][%mdl 32]} Kg8 53. Ra7 {White mates.} Rb4 54. b7 Kh7 55. Kd6 a4 56. Kc6 Rc4+ 57. Kb5 Rc2 58. Rxa4 Rb2+ 59. Rb4 {Precision: White = 70%, Black = 25%.} 1-0

[Event "RUS-chT Rapid Men 2018"]
[Site "Sochi"]
[Date "2018.10.09"]
[Round "6"]
[White "Alekseev, Evgeny"]
[Black "Morozevich, Alexander"]
[Result "0-1"]
[WhiteElo "2620"]
[BlackElo "2656"]
[Annotator "TA"]
[PlyCount "60"]
[EventDate "2018.10.05"]
[EventType "swiss"]
[EventCountry "RUS"]
[SourceTitle "playchess.com"]
[Source "ChessBase"]
[SourceQuality "1"]

{[%evp 9,60,0,0,0,0,-4,0,0,0,0,0,-9,-13,-19,-25,-45,-15,-15,-20,-25,8,9,41,42,55,60,84,10,18,-26,-24,-35,-34,-36,-30,-40,-34,-55,-68,-412,-408,-822,-710,-838,-807,-1358,-395,-477,-460,-29994,-29995,-29996,-29997]} 1. c4 e5 2. Nc3 Bb4 3. Nd5 a5 4. e3 (4. g3 Ne7 5. Bg2 Nxd5 6. cxd5 O-O 7. e3 c6 8. a3 Be7 9. d4 d6 10. Ne2 cxd5 11. Nc3 Nd7 {½-½ (34) Li,C (2725)-Wang,Y (2679) Hangzhou 2018}) 4... Nf6 5. Ne2 Nxd5 6. cxd5 {A21: Englische Eröffnung} O-O 7. a3 $146 ({Vorgänger:} 7. Nc3 d6 8. Be2 Qg5 9. O-O Bh3 10. Bf3 f5 11. Kh1 Bg4 {0-1 (40) Biebinger,G (2350)-Thesing,M (2410) Germany 1992}) 7... Bc5 8. d4 {Die Stellung ist ausgeglichen.} exd4 9. Nxd4 d6 10. Be2 Qg5 11. Bf3 Nd7 {[%cal Bb8d7,Bd7e5,Be5f3][%mdl 32]} 12. Nb5 Ne5 13. Nxc7 Rb8 14. Nb5 Bf5 15. O-O {Droht e4 und aus.} Bc2 16. Qxc2 Nxf3+ 17. Kh1 Nh4 {[%csl Gh4][%cal Rg5g2]} 18. f3 (18. f4 $16 Qxd5 19. f5) 18... Nf5 $11 19. f4 Qg6 $36 {[%mdl 2048] Schwarz hat Druck.} 20. Qf2 Rfe8 {[%mdl 1024] Schwarz hat Kompensation.} 21. Re1 Re7 22. Bd2 Rbe8 {[%cal Bb8e8,Be8e7,Be7e5,Be5e1,Be1g1][%mdl 32]} 23. Rac1 h5 {[%cal Rf5e3]} ({Nur nicht} 23... Bxe3 $2 24. Bxe3 Qg4 25. h3 $18) 24. Rc3 $2 {[%mdl 8192] [#]} (24. Nd4 $15) 24... Nxe3 $1 $19 {[%mdl 512] ...Sg4 ist eine echte Drohung.} 25. Qf3 ({Vergiftet wäre} 25. Rcxe3 $2 Bxe3 26. Bxe3 Rxe3 $1 $19 {[%mdl 512]}) (25. f5 $142 Ng4 26. Qf1 Qxf5 27. Rf3 Nf2+ 28. Rxf2 Qxf2 29. Qxf2 Bxf2 30. Rb1) 25... Ng4 26. Rxe7 Rxe7 27. f5 {[#]} Qf6 $2 (27... Qh6 $1 {[%mdl 512]} 28. Be3 (28. Bxh6 Re1+) 28... Nxe3) 28. g3 Re5 29. Bf4 (29. b4 $19 Rxf5 30. Bf4 axb4 31. axb4 Bxb4 32. Rc8+ Kh7 33. Nc3) 29... Re1+ 30. Kg2 Rg1+ {Precision: Weiß = 28%, Schwarz = 72%.} 0-1

[Event "RUS-chT Rapid Men 2018"]
[Site "Sochi"]
[Date "2018.10.09"]
[Round "6"]
[White "Timofeev, Artyom"]
[Black "Maletin, Pavel"]
[Result "0-1"]
[WhiteElo "2580"]
[BlackElo "2586"]
[Annotator "TA"]
[PlyCount "114"]
[EventDate "2018.10.05"]
[EventType "swiss"]
[EventCountry "RUS"]
[SourceTitle "playchess.com"]
[Source "ChessBase"]
[SourceQuality "1"]

{[%evp 13,114,27,35,-41,37,-31,-18,-21,-30,-31,-41,-33,-25,-129,-120,-97,-104,-166,-166,-216,-119,-127,-118,-117,-111,-137,-101,-108,-100,-165,-134,-151,-138,-144,-151,-143,-139,-137,-132,-210,-152,-156,-152,-188,-188,-187,-174,-210,-164,-316,-310,-345,-346,-346,-323,-368,-361,-400,-400,-400,-400,-396,-269,-394,-367,-379,-346,-420,-384,-385,-385,-375,-374,-658,-539,-580,-574,-562,-550,-920,-860,-688,-658,-29988,-672,-612,-543,-917,-869,-937,-930,-945,-854,-826,-773,-1723,-1684,-29981,-29982,-29982,-29983,-29984,-29984]} 1. e4 e5 2. Nf3 Nc6 3. Bb5 g6 4. O-O Bg7 5. c3 a6 6. Bxc6 {C60: Ruy Lopez: Unusual Black 3rd moves and 3...g6} (6. Ba4 d6 7. d4 exd4 8. cxd4 b5 9. Bb3 Nge7 10. h3 O-O 11. Nc3 Na5 12. Be3 Bb7 13. d5 Nxb3 14. Qxb3 c5 15. dxc6 Nxc6 16. a4 Na5 17. Qb4 Nc6 18. Qb3 Na5 19. Qb4 Nc6 20. Qb3 {½-½ (20) Anton Guijarro,D (2654)-Van Kampen,R (2643) Linares 2017}) 6... dxc6 7. d4 exd4 {LiveBook: 9 Games} 8. Nxd4 (8. cxd4 $14 Nf6 9. Nc3) 8... Ne7 (8... c5 $15 9. Nf3 Bd7) 9. Bg5 ({White should try} 9. Bf4 $14) 9... h6 10. Bh4 c5 11. Ne2 $146 ({Predecessor:} 11. Nb3 Qxd1 12. Rxd1 b6 13. Bg3 Ra7 14. N1d2 Be6 15. Nc1 {½-½ (35) Todorov,T (2478)-De Wit,M (2272) Belgium 2013}) 11... Qxd1 12. Rxd1 Bd7 $36 {[%mdl 2048] Black has good play.} 13. Nd2 (13. Bxe7 $11 Kxe7 14. Nf4) 13... g5 $17 14. Bg3 O-O-O 15. Rac1 (15. Nf1 $17) 15... Bb5 $19 16. c4 Bc6 (16... Bxb2 $19 17. cxb5 Bxc1 18. Nxc1 axb5) 17. Nc3 $17 Ng6 {[%cal Be7g6,Bg6f4,Bf4e2][%mdl 32]} 18. f3 h5 $1 {[%cal Bh6h5,Bh5h4][%mdl 32]} 19. Nf1 h4 20. Bf2 Nf4 {Threatens to win with ...Bxc3.} 21. Bxc5 (21. Rxd8+ $17 Rxd8 22. Rc2) 21... Bxc3 22. bxc3 Ne2+ 23. Kf2 Nxc1 24. Rxc1 {[#]} g4 $1 {[%mdl 512]} 25. Bd4 (25. fxg4 Rhe8) 25... Rh5 26. c5 (26. Bf6 $17 {was necessary.} Rd7 27. Rc2) 26... f5 27. fxg4 fxg4 28. Re1 Rf8+ 29. Kg1 h3 30. Ng3 Rh7 31. gxh3 $2 (31. Nh1) 31... gxh3 $19 ({Much less strong is} 31... Rxh3 32. e5 $19) 32. Re3 Rhf7 33. Re1 Kd7 34. a3 Ke6 35. Nf5 Rg8+ 36. Ng3 Rf3 37. Re2 Bb5 38. Re1 (38. Rf2 $142 Rff8 39. Rf5) 38... Bd3 39. Bf2 Rf4 40. Re3 Bc4 41. Re1 Rf3 42. Bd4 Rg4 43. e5 $2 (43. Be3) 43... Bd5 44. Rd1 a5 {[%cal Ba6a5,Ba5a4][%mdl 32]} 45. Rd2 a4 46. Rd1 Bc4 47. Rb1 Rd3 48. Kf2 Rd2+ (48... Rf4+ $142 49. Kg1 Rd2 50. Be3 Rg2+ 51. Kh1 {[#]} Bd5 $1 {[%mdl 512]} 52. c4 Bc6 $1 {[%mdl 512]} 53. Ne4 Rg8 $1 {[%mdl 512]} 54. Rg1 Bxe4+ 55. Rg2 hxg2+ 56. Kg1 Rf1#) 49. Kf3 Rg8 50. Ne4 Rxh2 51. Nf6 Rg6 52. c6 b5 53. Kf4 Re2 54. Kf3 h2 55. Nh5 {[#]} Rb2 $1 {[%mdl 512] Black mates.} 56. Nf4+ (56. Rxb2 h1=Q+) 56... Kf5 57. Re1 Rg4 {Precision: White = 28%, Black = 71%.} 0-1

[Event "RUS-chT Rapid Men 2018"]
[Site "Sochi"]
[Date "2018.10.09"]
[Round "6"]
[White "Rozum, Ivan"]
[Black "Grachev, Boris"]
[Result "0-1"]
[WhiteElo "2573"]
[BlackElo "2626"]
[Annotator "TA"]
[PlyCount "78"]
[EventDate "2018.10.05"]
[EventType "swiss"]
[EventCountry "RUS"]
[SourceTitle "playchess.com"]
[Source "ChessBase"]
[SourceQuality "1"]

{[%evp 17,78,27,30,25,50,46,35,8,8,11,10,2,22,9,38,48,68,30,51,34,43,0,7,-1,0,0,9,14,22,8,43,0,69,70,104,52,80,16,86,0,0,0,0,-39,-56,-53,-73,-82,-104,-221,-216,-208,-213,-722,-802,-1128,-1121,-1114,-1107,-1086,-806,-5406,-5406]} 1. d4 d5 2. c4 e6 3. Nf3 Nf6 4. g3 Bb4+ 5. Bd2 Be7 6. Bg2 O-O 7. O-O Nbd7 8. Qc2 {E11: Bogo-Indian} (8. b4 c6 9. a4 Bd6 10. Qc2 e5 11. cxd5 cxd5 12. dxe5 Nxe5 13. Bc3 Re8 14. Nbd2 Nxf3+ 15. Bxf3 Bh3 {½-½ (58) So,W (2778)-Karjakin,S (2782) Stavanger 2018}) 8... Ne4 9. Be3 c6 {LiveBook: 4 Games} 10. Nbd2 {White has an edge.} Nd6 11. Bf4 f5 12. Ne1 $146 ({Predecessor:} 12. b4 a6 13. a4 Nxc4 14. Nxc4 dxc4 15. Qxc4 Nb6 16. Qb3 {1-0 (40) Georgiev,K (2535)-Enklaar,B (2395) Amsterdam 1985}) 12... g5 13. Bxd6 Bxd6 14. Nd3 Qe8 15. b4 Nf6 16. Nf3 Qh5 17. Nfe5 Ng4 18. Nxg4 Qxg4 19. e3 f4 20. f3 Qh5 21. exf4 {Hoping for c5.} gxf4 22. g4 Qh4 23. Rae1 Bd7 24. Nc5 Bxc5 ({Better is} 24... Bc8 $11) 25. bxc5 $14 Rf6 26. Rf2 (26. Re5 $16 Rh6 27. Rb1) 26... h5 {[#]} 27. gxh5 (27. h3 $1 $16) 27... Kh8 {[#]} (27... Rf7 $11 {keeps the balance.}) 28. Re5 (28. cxd5 $1 $16 {Qb3 is the strong threat.} cxd5 29. Qb1) 28... Rg8 $11 29. Rfe2 Be8 30. Rxe6 Bxh5 31. Rxf6 Qxf6 32. Qc3 dxc4 33. Re5 (33. Kf1 $17 {was worth a try.}) 33... Qg6 $19 {[%csl Gg8][%cal Rg6g2]} 34. Re2 Qd3 $40 {[%mdl 128] Black wants a kill.} 35. Qe1 $2 (35. Qxd3 cxd3 36. Rf2) 35... Qxf3 {Black is clearly winning.} 36. Rf2 Qe3 37. Qxe3 fxe3 38. Rf5 Bg4 39. Rf6 c3 {Precision: White = 29%, Black = 58%.} 0-1

[Event "RUS-chT Rapid Men 2018"]
[Site "Sochi"]
[Date "2018.10.09"]
[Round "6"]
[White "Savchenko, Boris"]
[Black "Romanov, Evgeny"]
[Result "0-1"]
[WhiteElo "2562"]
[BlackElo "2614"]
[Annotator "TA"]
[PlyCount "64"]
[EventDate "2018.10.05"]
[EventType "swiss"]
[EventCountry "RUS"]
[SourceTitle "playchess.com"]
[Source "ChessBase"]
[SourceQuality "1"]

{[%evp 15,64,10,10,7,4,0,16,14,9,12,38,41,33,43,27,0,0,-88,0,0,10,11,21,24,18,18,31,0,0,0,105,9,15,0,367,358,547,322,336,320,310,100,88,0,0,-279,-8,-555,-426,-304,-153]} 1. Nf3 Nf6 2. c4 b6 3. g3 Bb7 4. Bg2 g6 5. b3 Bg7 6. Bb2 O-O 7. O-O e6 8. d4 d5 {LiveBook: 29 Games} 9. cxd5 {D77: Fianchetto Grünfeld: 6 0-0: Replies other than 6...c6} (9. Nbd2 Nbd7 10. Rc1 Re8 11. b4 a5 12. b5 a4 13. Ba3 Ne4 14. e3 f5 15. Qc2 dxc4 16. Nxc4 Bd5 {1-0 (59) Meier,G (2650)-Bortnyk,O (2610) Riadh 2017}) 9... exd5 10. Ne5 Nbd7 11. Nc3 {The position is equal.} Re8 $146 ({Predecessor:} 11... c6 12. f4 Nxe5 13. fxe5 Ng4 14. Qd3 f6 15. h3 Nh6 16. exf6 Rxf6 {0-1 (67) Sandor,B-Honfi,K Budapest 1956}) 12. f4 Ne4 13. Nxe4 dxe4 14. Qc2 Nf6 15. Rac1 Nd5 16. f5 (16. Bxe4 $11 f6 17. Bxd5+ Qxd5 18. Nf3) 16... Ne3 (16... gxf5 $1 $17 {White must now prevent ...c5!} 17. Qd2 Re6 18. Rxf5 Bh6) 17. Qxc7 $11 Qxc7 18. Rxc7 Nxf1 19. Rxb7 {fxg6 is the strong threat.} Ne3 $1 20. Bxe4 $40 {[%cal Rf5g6][%mdl 128] White attacks.} Rac8 21. fxg6 hxg6 22. Bd3 Red8 (22... Bxe5 $11 {keeps the balance.} 23. dxe5 Nd1) 23. Nxf7 ({Better is} 23. a4 $1 $16) 23... Rf8 24. Bxg6 Nd1 $2 {[%mdl 8192]} (24... Rc6 $1 $11 25. Bh5 (25. Be4 $2 Rf6 $19) 25... Rf6) 25. Ba3 $18 Rfe8 (25... Rc6 {was necessary.} 26. Bxf8 (26. Ne5 Rxg6 27. Nxg6 Bxd4+ 28. Kg2 Rf2+ 29. Kh3 Rxe2 $18) 26... Bxd4+ 27. Kg2 Rxg6 28. Nh6+ (28. Rxa7 Kxf8 29. Rd7 Bc5 $11) 28... Kxf8) 26. Ne5 Bxe5 27. dxe5 Rxe5 28. Rxa7 $2 (28. e4 $18 {and White stays clearly on top.}) 28... Rxe2 $16 {[#] Strongly threatening ...Ne3.} 29. Bd3 (29. Bf7+ $1 $16 Kh8 30. Be7 Re1+ 31. Kg2) 29... Rxa2 $11 {Threatens to win with ...Nc3.} 30. g4 $2 {[%mdl 8192]} (30. Bh7+ $11 {and White stays safe.} Kh8 31. Bb1) 30... Re8 $2 (30... Ne3 $19 31. Bh7+ Kh8) 31. Bf1 $2 {[%mdl 8192]} (31. Bc4+ $11 {and White is okay.} Kh8 32. Re7 Rxe7 33. Bxe7) 31... Ne3 32. Bb5 {[#]} Rd8 {Precision: White = 31%, Black = 43%.} (32... Rc8 $1 $19 33. g5 Rd8) 0-1